| 000 | 00773nam a22001937a 4500 | ||
|---|---|---|---|
| 005 | 20180219141131.0 | ||
| 010 | _aB-689583 | ||
| 020 | _c395.00 | ||
| 035 | _aB-689583 | ||
| 037 |
_adpl _bKKP |
||
| 082 | _a 343.540929 | ||
| 245 | _aCentral electricity regulatory commission rules and regulations / | ||
| 260 |
_aDelhi _bUniversal Law Publishing _c2017 |
||
| 270 |
_aLexisNexis, 14th Floor, Building No.10, DLF Cyber City, Phase-II _bGurgaon _e122002 |
||
| 300 |
_axxiii,457p. _c23cm(pbk) |
||
| 505 | _a(Rashtrapati Bhawan) | ||
| 942 |
_2ddc _cEN _mCEN _h 343.540929 |
||
| 999 |
_c150011 _d150011 |
||